Драка на ножах (Запись № 1533865)

Подробности
000 -МАРКЕР
контрольное поле 01548nam0a2200433 4500
001 - ИДЕНТИФИКАТОР ЗАПИСИ
контрольное поле RU\NLR\bibl\266974
005 - ИДЕНТИФИКАТОР ВЕРСИИ
контрольное поле 20250620131733.0
010 ## - МЕЖДУНАРОДНЫЙ СТАНДАРТНЫЙ НОМЕР КНИГИ (ISBN)
Номер (ISBN) 5-224-03223-7
Тираж 5000
021 ## - НОМЕР ГОСУДАРСТВЕННОЙ РЕГИСТРАЦИИ
Код страны Российская Федерация
Номер 2001-64536
Номер Листа государственной регистраци 3138
035 ## - ДРУГИЕ СИСТЕМНЫЕ НОМЕРА
Идентификатор записи (NLR Aleph) 000262542
100 ## - ДАННЫЕ ОБЩЕЙ ОБРАБОТКИ
Данные общей обработки 20020517d2001 |||y0rusy50 ca
101 0# - ЯЗЫК РЕСУРСА
Язык текста, звукозаписи и т.д. русский
102 ## - СТРАНА ПУБЛИКАЦИИ ИЛИ ПРОИЗВОДСТВА
Страна публикации Российская Федерация
105 ## - ПОЛЕ КОДИРОВАННЫХ ДАННЫХ: ТЕКСТОВЫЕ МАТЕРИАЛЫ, МОНОГРАФИЧЕСКИЕ
Кодированные данные о монографическом текстовом документе a |||||||||
200 1# - ЗАГЛАВИЕ И СВЕДЕНИЯ ОБ ОТВЕТСТВЕННОСТИ
Основное заглавие Драка на ножах
210 ## - ПУБЛИКАЦИЯ, РАСПРОСТРАНЕНИЕ И ДР.
Место издания, распространения и т.д. М.
Имя издателя, распространителя и т. д. ОЛМА-пресс
Дата издания, распространения и т.д. 2001
215 ## - ФИЗИЧЕСКАЯ ХАРАКТЕРИСТИКА
Специфическое обозначение материала и объем 286,[1] с., [8] л. ил.
Другие сведения о физической характеристике ил.
Размеры 26
225 1# - СЕРИЯ
Основное заглавие серии Серия "Бойцовский клуб"
606 0# - НАИМЕНОВАНИЕ ТЕМЫ КАК ПРЕДМЕТ
Наименование темы Оружие холодное
Тематический подзаголовок Классификация
Системный номер авторитетной/нормативной записи 2251225
Идентификатор авторитетной/нормативной записи RU\NLR\auth\661350313
606 0# - НАИМЕНОВАНИЕ ТЕМЫ КАК ПРЕДМЕТ
Наименование темы Холодное оружие
Тематический подзаголовок Классификация
Системный номер авторитетной/нормативной записи 2251214
Идентификатор авторитетной/нормативной записи RU\NLR\auth\661350308
606 0# - НАИМЕНОВАНИЕ ТЕМЫ КАК ПРЕДМЕТ
Наименование темы Боевые ножи
Тематический подзаголовок Боевое применение
Системный номер авторитетной/нормативной записи 2251206
Идентификатор авторитетной/нормативной записи RU\NLR\auth\661350304
606 0# - НАИМЕНОВАНИЕ ТЕМЫ КАК ПРЕДМЕТ
Наименование темы Самооборона
Системный номер авторитетной/нормативной записи 1367318
Идентификатор авторитетной/нормативной записи RU\NLR\auth\66572567
606 0# - НАИМЕНОВАНИЕ ТЕМЫ КАК ПРЕДМЕТ
Наименование темы Оружие
Тематический подзаголовок Правовые вопросы
Географический подзаголовок Российская Федерация
Системный номер авторитетной/нормативной записи 2073708
Идентификатор авторитетной/нормативной записи RU\NLR\auth\661248642
610 0# - НЕКОНТРОЛИРУЕМЫЕ ПРЕДМЕТНЫЕ ТЕРМИНЫ
Предметный термин Холодное оружие
610 0# - НЕКОНТРОЛИРУЕМЫЕ ПРЕДМЕТНЫЕ ТЕРМИНЫ
Предметный термин Самооборона
675 ## - УНИВЕРСАЛЬНАЯ ДЕСЯТИЧНАЯ КЛАССИФИКАЦИЯ (UDC/УДК)
Индекс 796.853.4
Издание 3
Язык издания rus
686 ## - ИНДЕКСЫ ДРУГИХ КЛАССИФИКАЦИЙ
Индекс 77
Код системы
686 ## - ИНДЕКСЫ ДРУГИХ КЛАССИФИКАЦИЙ
Индекс 75.716
Код системы
686 ## - ИНДЕКСЫ ДРУГИХ КЛАССИФИКАЦИЙ
Индекс Ц908ц
686 ## - ИНДЕКСЫ ДРУГИХ КЛАССИФИКАЦИЙ
Индекс Ц908-91
686 ## - ИНДЕКСЫ ДРУГИХ КЛАССИФИКАЦИЙ
Индекс Ц4,6(2Р)361.12
686 ## - ИНДЕКСЫ ДРУГИХ КЛАССИФИКАЦИЙ
Индекс Х621.163.16
801 #0 - ИСТОЧНИК ЗАПИСИ
Страна Российская Федерация
Организация RKP
Дата составления 20020517
Правила каталогизации PSBO
801 #1 - ИСТОЧНИК ЗАПИСИ
Страна Российская Федерация
Организация RKP
Дата составления 20020517
801 #2 - ИСТОЧНИК ЗАПИСИ
Страна Российская Федерация
Организация NLR
Дата составления 20050803
Правила каталогизации rcr
942 ## - ДОПОЛНИТЕЛЬНЫЕ ЭЛЕМЕНТЫ ЗАПИСИ (АБИС)
Тип экземпляра АБИС Книга
980 ## - КОЛЛЕКЦИЯ
Название коллекции Национальная библиография
Экземпляры
Тип экземпляра Дата поступления Источник поступления Библиотека постоянного хранения Библиотека текущего хранения Место хранения Шифр хранения Штрих-код Статус экземпляра
Книга 23.05.2002 Обязательный экземпляр РНБ (Московский) РНБ (Московский) Русский книжный фонд: издания с 1957 года 2002-7/2085 272351  
Книга 23.05.2002 Обязательный экземпляр РНБ (Московский) РНБ (Московский) Русский книжный фонд: издания с 1957 года 2002-7/2085 272352